Ten days that shook the world (Record no. 946)

MARC details
000 -LEADER
fixed length control field 00735nam a2200193 a 4500
005 - DATE AND TIME OF LATEST TRANSACTION
control field 20260322212040.0
008 - FIXED-LENGTH DATA ELEMENTS--GENERAL INFORMATION
fixed length control field data
010 ## - LIBRARY OF CONGRESS CONTROL NUMBER
LC control number 35-027118
092 ## - LOCALLY ASSIGNED DEWEY CALL NUMBER (OCLC)
Classification number 947.084 R38 1935
001 - CONTROL NUMBER
control field data
100 1# - MAIN ENTRY--PERSONAL NAME
Personal name Reed, John,
Dates associated with a name 1887-1920.
245 10 - TITLE STATEMENT
Title Ten days that shook the world
Statement of responsibility, etc. by John Reed; with a foreword by V. I. Lenin and an introduction by Granville Hicks.
260 ## - PUBLICATION, DISTRIBUTION, ETC.
Place of publication, distribution, etc. New York
Name of publisher, distributor, etc. The Modern library
Date of publication, distribution, etc. c1935
300 ## - PHYSICAL DESCRIPTION
Extent 8 p. l., vii-xxiv, 371 p. incl. facsims. ;
Dimensions 19 cm.
490 0# - SERIES STATEMENT
Series statement The Modern library of the world's best books
500 ## - GENERAL NOTE
General note An account of the November revolution in Russia. Most of it deals with "Red Petrograd." cf. Pref.
650 02 - SUBJECT ADDED ENTRY--TOPICAL TERM
Topical term or geographic name entry element USSR
General subdivision history
Chronological subdivision Revolution, 1917-1921.
700 1# - ADDED ENTRY--PERSONAL NAME
Personal name Hicks, Granville,
Dates associated with a name 1901-
Holdings
Withdrawn status Lost status Damaged status Not for loan Home library Current library Shelving location Date acquired Total checkouts Full call number Barcode Date last seen Price effective from Koha item type
        Pleasant Valley Pleasant Valley General stacks 22/03/2026   GEN BC0010978 22/03/2026 22/03/2026 Books